000 00942aab a2200241 i 4500
001 768714001
003 CO-MdFUSB
005 20260306151154.0
008 240702t1983 sz ||||| |||| 00| 0 eng d
040 _bspa
_cCO-MdFUSB
041 _aeng
100 1 _aThrockmorton, Ansley Coe
245 1 0 _aBorn again :
_ba Bible study
_c/ Ansley Coe Throckmorton
520 _aLas Iglesias Reformadas han enfatizado en el testimonio contemporáneo del evangelio... Pueden surgir nuevas cuestiones que exijan nuevas respuestas basados en la Biblia y en la experiencia.
546 _aTexto en inglés.
650 0 _aEvangelización
_9362
650 7 _aHermenéutica bíblica
_97333
650 0 _aReforma de la iglesia
_9958
650 0 _aTeología práctica
_9180
773 0 _tReformed World
_049396
_959496
_gVolumen 37, (número 7, 1983) páginas: 227 - 231
_qpágina: 227
942 _cANA
945 _aCatherine Arias Álvarez - Practicante SENA
999 _c55236
_d55236